Toledo is like this / (Record no. 128912)

MARC details
000 -LEADER
campo de control de longitud fija 00694nam a2200181 i 4500
001 - NÚMERO DE CONTROL
campo de control 128912
003 - IDENTIFICADOR DE NÚMERO DE CONTROL
campo de control ES-MaACL
005 - FECHA Y HORA DE LA ÚLTIMA TRANSACCIÓN
campo de control 20230906193407.0
007 - CAMPO FIJO DE DESCRIPCIÓN FÍSICA--INFORMACIÓN GENERAL
campo de control de longitud fija t|
008 - DATOS DE LONGITUD FIJA--INFORMACIÓN GENERAL
campo de control de longitud fija 070530s1963 sp ||||1| eng d
100 1# - ENTRADA PRINCIPAL--NOMBRE DE PERSONA
Nombre de persona Téllez González, Guillermo.
9 (RLIN) 109641
245 10 - MENCIÓN DEL TÍTULO
Título Toledo is like this /
Mención de responsabilidad, etc. Guillermo Téllez y González ; text by Guillermo Téllez ; translation Juan Macnab Calder ; photographs by Rodríguez, Fotoestudio Foto Flores and Díaz del Viso.
260 ## - PUBLICACIÓN, DISTRIBUCIÓN, ETC.
Lugar de publicación, distribución, etc. Toledo :
Nombre del editor, distribuidor, etc. Gómez Menor,
Fecha de publicación, distribución, etc. [1963]
300 ## - DESCRIPCIÓN FÍSICA
Extensión 111 p., 1 plan. pleg. :
Otras características físicas il. ;
Dimensiones 21 cm.
700 1# - ENTRADA AGREGADA--NOMBRE PERSONAL
Nombre de persona Calder, Juan Macnab.
9 (RLIN) 33581
700 1# - ENTRADA AGREGADA--NOMBRE PERSONAL
Nombre de persona Rodríguez (fotógrafo)
9 (RLIN) 98527
852 ## - LOCALIZACIÓN
Ubicación ES-MaACL
Número de control de estantería C-24349
Sublocalización o colección R.52362
Holdings
Estatus retirado Estado de pérdida Estado de daño No para préstamo Biblioteca de origen Biblioteca actual Ubicación en estantería Fecha de adquisición Fuente de adquisición Total de préstamos Signatura topográfica completa Código de barras Visto por última vez Precio de reemplazo Tipo de ítem Koha
        Biblioteca del Ateneo de Madrid Biblioteca del Ateneo de Madrid Depósito 2 17/01/2008     C-24349 1134249 23/02/2023 23/02/2023 Libro impreso